000 01094cad a22002655a 4500
001 E151827
008 101213s2010 xxk f 100 0 eng d
020 _a9781842196199
035 _a(Sirsi) u151827
041 0 _aeng
100 1 _aLee, Kyung Ryun
111 2 _aConstruction and Building Research Conference
_cDauphine Universite, Paris
_d2-3 September 2010
245 0 0 _aIdentification of the cross-culturally applicable items of western mediation models
_bcase studies of Korea, the UK and Hong Kong
_h[electronic resource]
260 _aLondon
_bRICS
_c2010
520 _aA paper presented at the COBRA Conference in Paris on 2-3 September 2010.
590 _aKA
650 2 4 _aCONSTRUCTION AND BUILDING RESEARCH CONFERENCE (COBRA)
651 4 _aUnited Kingdom
_y
651 4 _aHong Kong
651 4 _aKorea
690 _aMANAGEMENT-DISPUTE AVOIDANCE, MANAGEMENT AND RESOLUTION-DISPUTE MANAGEMENT AND RESOLUTION
700 1 _aFenn, Peter
856 4 0 _uhttps://www.rics.org/site/scripts/download_info.aspx?fileID=7949&categoryID=720
_zBroken link - not available
942 _n0
999 _c111652
_d111652